| 000 | 00490nam a2200181Ia 4500 | ||
|---|---|---|---|
| 005 | 20250508151705.0 | ||
| 008 | 008 250505s9999 xx 000 0 hin d | ||
| 037 | _aTextual | ||
| 040 |
_aFEDL _beng _cFEDL |
||
| 041 |
_ahin _2eng |
||
| 084 |
_a294.5, VIV _qFEDL |
||
| 100 | _aVivekanand | ||
| 245 | 0 | _aPrachya aur paschatya | |
| 260 |
_aNagpur, India _bNagpur Swami Bhaskareswaranand India |
||
| 300 | _a109p. | ||
| 942 |
_cTEXL _h294.5, VIV |
||
| 999 |
_c1331462 _d1331462 |
||